000 00773nas a2200253Ia 4500
001 R702/49181
003 IT-RoPAU
008 151124c99999999xx |||||||||||| ||und||
040 _aIT-RoPAU
040 _cIT-RoPAU
041 _aFRANCESE
100 _aCovin Michel
_gCodice Aut. SPICS: 18726
210 _aDEGRES
222 _aDegres
245 _aDEGRES, N.015 (AUTUNNO 1978)
_bComment Le Signifiant Filmique Vient A la Diegese
250 _a1a ed.
260 _aBRUXELLES
_bDEGRES
_c1978
501 _bPaulus - SPICS - Società San Paolo EM (non-commercial uses only)
_cCopyright2015
300 _a10 p.
362 _aANNO 006, N.015 (AUTUNNO 1978)
500 _aSignificante Filmico e Diegesi.
650 _aSEMIOTICA
_vPUBBLICAZIONE PERIODICA
942 _cCR
999 _c119706
_d119706